<?xml version="1.0" encoding="UTF-8"?>
<marc:record xmlns:marc="http://www.loc.gov/MARC21/slim">
   <marc:leader>00000nam a2200000 a 4500</marc:leader>
   <marc:datafield ind1="1" ind2=" " tag="100">
      <marc:subfield code="a">Stewner, Tanya</marc:subfield>
      <marc:subfield code="4">aut</marc:subfield>
      <marc:subfield code="e">Verfasser/-in</marc:subfield>
   </marc:datafield>
   <marc:datafield ind1=" " ind2=" " tag="653">
      <marc:subfield code="a">Antolin</marc:subfield>
   </marc:datafield>
   <marc:datafield ind1=" " ind2=" " tag="653">
      <marc:subfield code="a">Klasse-3</marc:subfield>
   </marc:datafield>
   <marc:datafield ind1="0" ind2="0" tag="245">
      <marc:subfield code="a">Alea Aquarius - die Kraft der Wasserkobolde</marc:subfield>
   </marc:datafield>
   <marc:datafield ind1=" " ind2="1" tag="264">
      <marc:subfield code="b">Verlag Friedrich Oetinger</marc:subfield>
      <marc:subfield code="c">2020</marc:subfield>
   </marc:datafield>
   <marc:datafield ind1="1" ind2=" " tag="490">
      <marc:subfield code="a">Alea Aquarius</marc:subfield>
   </marc:datafield>
   <marc:datafield ind1="1" ind2=" " tag="520">
      <marc:subfield code="a">Kurzbeschreibung des Verlags

Mit Heldin Alea Aquarius schaffen wir alles! Die Alpha Cru kommt einer Schrottplatz-Besitzerin auf die Spur, die Autoreifen im Fluss versenkt. Genau an dieser Stelle wollten die Bachforellen der Isibellen ihre Eier ablegen! Mit Hilfe der Kobolde schaffen Alea und die Isibellen es, die Reifen aus dem Fluss zu befördern, und den Magischen wird klar: Wenn sie an einem Strang ziehen, können sie es mit jedem Feind aufnehmen, sei der Einzelne auch noch so klein. Was für ein schönes Geschenk für Alea, die heute Geburtstag hat!</marc:subfield>
   </marc:datafield>
   <marc:datafield ind1=" " ind2=" " tag="020">
      <marc:subfield code="a">9783789115189</marc:subfield>
      <marc:subfield code="9">9783789115189</marc:subfield>
   </marc:datafield>
</marc:record>
